[Event "Scarborough CC Falling Leaves U1800"]
[Site "Toronto CAN"]
[Date "2011.12.08"]
[Round "6"]
[White "Zhong, Joey"]
[Black "Thanabalachandran, Kajan"]
[Result "1/2-1/2"]
[WhiteElo "1366"]
[BlackElo "1594"]
[PlyCount "61"]
[GameId "2160767909639560"]
[EventDate "2011.11.03"]
[EventType "swiss"]
[EventRounds "7"]
[EventCountry "CAN"]
[SourceTitle "EXT 2022"]
[Source "ChessBase"]
[SourceDate "2021.10.06"]
[SourceVersion "1"]
[SourceVersionDate "2021.10.06"]
[SourceQuality "1"]

1. d4 e6 2. c4 Nf6 3. Nf3 b6 4. Nc3 Bb4 5. e3 Bb7 6. Bd2 O-O 7. Bd3 d5 8. O-O Nbd7 9. cxd5 exd5 10. Rc1 c5 11. Nb5 Bxd2 12. Qxd2 Ba6 13. b3 Ne4 14. Qe2 Ndf6 15. Nd2 Qd7 16. Nxe4 dxe4 17. Bc4 Rfc8 18. Rfd1 Qe7 19. dxc5 Rxc5 20. Nd6 Bxc4 21. Nxc4 Rac8 22. Qb2 Qc7 23. Rc2 h6 24. Rdc1 Nd5 25. a3 b5 26. Qd4 bxc4 27. b4 Rc6 28. Qxd5 Qe7 29. Rxc4 Rxc4 30. Rxc4 Rd8 31. Qh5 1/2-1/2

[Event "Scarborough CC Falling Leaves U1800"]
[Site "Toronto CAN"]
[Date "2011.12.15"]
[Round "7"]
[White "Aghamalian, Derick"]
[Black "Kurkowski, Ken"]
[Result "1-0"]
[WhiteElo "1555"]
[BlackElo "1569"]
[PlyCount "74"]
[GameId "2160767909639561"]
[EventDate "2011.11.03"]
[EventType "swiss"]
[EventRounds "7"]
[EventCountry "CAN"]
[SourceTitle "EXT 2022"]
[Source "ChessBase"]
[SourceDate "2021.10.06"]
[SourceVersion "1"]
[SourceVersionDate "2021.10.06"]
[SourceQuality "1"]

1. e4 e6 2. d4 d5 3. Nd2 Nf6 4. e5 Nfd7 5. Bd3 c5 6. c3 Nc6 7. Ne2 Qc7 8. f4 Be7 9. Nf3 f6 10. O-O O-O 11. Qe1 cxd4 12. cxd4 b6 13. Qh4 f5 14. Qg3 Nb4 15. Bb5 a6 16. Ba4 b5 17. Bb3 Nb6 18. a3 Nc2 19. Rb1 Bd7 20. Bd2 Nxa3 21. bxa3 Bxa3 22. Qh4 Nc4 23. Bc1 Rfc8 24. Bxa3 Nxa3 25. Rbc1 Qa7 26. Ng3 Nc4 27. Qe7 Rc6 28. Qg5 Rac8 29. Nh5 Be8 30. Nf6+ Kh8 31. Nxe8 Rxe8 32. Kh1 Rec8 33. h3 a5 34. Qh5 g6 35. Qg5 Qg7 36. Bxc4 bxc4 37. Rb1 c3 1-0

[Event "Scarborough CC Falling Leaves U1800"]
[Site "Toronto CAN"]
[Date "2011.12.15"]
[Round "7"]
[White "Crnilovic, Grisha"]
[Black "Pishdad, Hassan"]
[Result "1/2-1/2"]
[WhiteElo "1668"]
[BlackElo "1325"]
[PlyCount "111"]
[GameId "2160767909639562"]
[EventDate "2011.11.03"]
[EventType "swiss"]
[EventRounds "7"]
[EventCountry "CAN"]
[SourceTitle "EXT 2022"]
[Source "ChessBase"]
[SourceDate "2021.10.06"]
[SourceVersion "1"]
[SourceVersionDate "2021.10.06"]
[SourceQuality "1"]

1. e4 c5 2. Nf3 d6 3. d4 cxd4 4. Nxd4 Nc6 5. Nc3 Nf6 6. Bg5 e5 7. Ndb5 a6 8. Na3 Be7 9. Bd3 Qb6 10. Nc4 Qc7 11. Bxf6 Bxf6 12. Nd5 Qd8 13. c3 O-O 14. Qd2 Be6 15. Nce3 Bg5 16. g3 Bxd5 17. exd5 Ne7 18. c4 Qb6 19. O-O-O Rac8 20. h4 Bxe3 21. fxe3 Nxd5 22. Bxh7+ Kxh7 23. Qxd5 Qxe3+ 24. Kb1 Rc5 25. Qd3+ Qxd3+ 26. Rxd3 e4 27. Rd4 Rd8 28. b3 f5 29. Kc2 b5 30. Kd2 Re5 31. Ke3 Rc5 32. Rc1 b4 33. Rcd1 Ra5 34. R1d2 g6 35. Kf4 Kg7 36. g4 Kf6 37. Rxd6+ Rxd6 38. Rxd6+ Kg7 39. Rd7+ Kf6 40. g5+ Ke6 41. Rg7 Rxa2 42. Rxg6+ Kf7 43. Rf6+ Kg7 44. Rxf5 Rh2 45. Kxe4 Rxh4+ 46. Rf4 Rh3 47. Rf3 Rh4+ 48. Kd3 Rh5 49. Rf5 Kg6 50. Ra5 Rh3+ 51. Kd4 Rxb3 52. Rxa6+ Kxg5 53. c5 Ra3 54. Rxa3 bxa3 55. Kc3 a2 56. Kb2 1/2-1/2

[Event "Scarborough CC Falling Leaves U1800"]
[Site "Toronto CAN"]
[Date "2011.12.15"]
[Round "7"]
[White "Graham, John"]
[Black "Smith, Maurice"]
[Result "1-0"]
[WhiteElo "1417"]
[BlackElo "1509"]
[PlyCount "79"]
[GameId "2160767909647756"]
[EventDate "2011.11.03"]
[EventType "swiss"]
[EventRounds "7"]
[EventCountry "CAN"]
[SourceTitle "EXT 2022"]
[Source "ChessBase"]
[SourceDate "2021.10.06"]
[SourceVersion "1"]
[SourceVersionDate "2021.10.06"]
[SourceQuality "1"]

1. b3 e5 2. Bb2 Nc6 3. e3 d5 4. Bb5 Bd6 5. Ne2 Nf6 6. O-O O-O 7. Ng3 a6 8. Be2 Ne7 9. d3 Be6 10. Nd2 Qc8 11. Rc1 c6 12. c4 Qd7 13. c5 Bc7 14. Nf3 Ng6 15. Ng5 Bg4 16. f3 Be6 17. Nxe6 Qxe6 18. Qd2 Rad8 19. Qe1 Rfe8 20. Qf2 Nd7 21. Rc2 Rf8 22. e4 d4 23. Bc1 Nf4 24. Bxf4 exf4 25. Nf5 Nf6 26. Nxd4 Qe5 27. Nf5 Kh8 28. d4 Qe8 29. Bc4 b5 30. Be2 Nxe4 31. Qh4 Nf6 32. Qg5 Rg8 33. Bd3 Nd5 34. Re2 Qd7 35. Rfe1 f6 36. Qh4 g6 37. Ne7 Nb4 38. Nxg6+ Rxg6 39. Bxg6 Qg7 40. Re8+ 1-0

[Event "Scarborough CC Falling Leaves U1800"]
[Site "Toronto CAN"]
[Date "2011.12.15"]
[Round "7"]
[White "Karpik, Steve"]
[Black "Mesiti, Silvano"]
[Result "0-1"]
[WhiteElo "1481"]
[BlackElo "1604"]
[PlyCount "106"]
[GameId "2160767909647757"]
[EventDate "2011.11.03"]
[EventType "swiss"]
[EventRounds "7"]
[EventCountry "CAN"]
[SourceTitle "EXT 2022"]
[Source "ChessBase"]
[SourceDate "2021.10.06"]
[SourceVersion "1"]
[SourceVersionDate "2021.10.06"]
[SourceQuality "1"]

1. Nf3 Nc6 2. g3 Nf6 3. Nc3 d5 4. d4 Bf5 5. a3 Bg4 6. Bg2 g6 7. Bd2 Bg7 8. Qc1 Bxf3 9. exf3 Nxd4 10. Bf4 Qd7 11. O-O O-O 12. Qd2 Ne6 13. Be5 c6 14. Rad1 Qd8 15. Rfe1 Nc5 16. Bd4 Ncd7 17. Be3 Re8 18. b4 Nb6 19. Bxb6 axb6 20. Nb1 b5 21. c3 Nd7 22. f4 e6 23. Qc2 Nb6 24. Bf1 Qf6 25. Re5 Qd8 26. Re3 Qb8 27. Rde1 Rf8 28. Bd3 Qd6 29. Qc1 Rfe8 30. Bf1 Kf8 31. Nd2 Qd7 32. Nb3 Na4 33. Nd2 Qd6 34. Nf3 h6 35. Ne5 Nb6 36. Bd3 Bxe5 37. fxe5 Qd7 38. Rf3 Kg7 39. Rf6 Nc4 40. Bxc4 bxc4 41. Qf4 Rxa3 42. h4 Rxc3 43. Qg4 h5 44. Qg5 Rh8 45. Ra1 Rc2 46. Qf4 Rb2 47. Qg5 Rxb4 48. Ra7 Qc7 49. Qf4 Rb5 50. Qd4 Rb3 51. Qa1 d4 52. Ra8 Rxa8 53. Qxa8 d3 0-1

[Event "Scarborough CC Falling Leaves U1800"]
[Site "Toronto CAN"]
[Date "2011.12.15"]
[Round "7"]
[White "Maister, Martin"]
[Black "Triefeldt, Jack"]
[Result "1/2-1/2"]
[WhiteElo "1626"]
[BlackElo "1747"]
[PlyCount "144"]
[GameId "2160767909647758"]
[EventDate "2011.11.03"]
[EventType "swiss"]
[EventRounds "7"]
[EventCountry "CAN"]
[SourceTitle "EXT 2022"]
[Source "ChessBase"]
[SourceDate "2021.10.06"]
[SourceVersion "1"]
[SourceVersionDate "2021.10.06"]
[SourceQuality "1"]

1. c4 c5 2. Nc3 Nc6 3. g3 g6 4. Bg2 Bg7 5. e3 e6 6. Nge2 Nf6 7. O-O O-O 8. Rb1 a6 9. a3 Rb8 10. d4 d6 11. dxc5 dxc5 12. Na4 Qe7 13. Nb6 Rd8 14. Qc2 Qc7 15. Nxc8 Rbxc8 16. b3 Qd6 17. Nc3 Qd3 18. Qxd3 Rxd3 19. Na4 Nd7 20. Be4 Rd6 21. b4 Nd8 22. bxc5 Nxc5 23. Nxc5 Rxc5 24. Bxb7 Nxb7 25. Rxb7 Rdc6 26. a4 Rxc4 27. Ba3 Rc8 28. Bb4 a5 29. Bxa5 Rxa4 30. Bc7 Rc4 31. Bd6 Rc1 32. Rxc1 Rxc1+ 33. Kg2 Rc8 34. g4 g5 35. Rb5 Bf6 36. e4 h6 37. Rb7 Bd4 38. Rc7 Rxc7 39. Bxc7 e5 40. Bd6 f6 41. f3 Kf7 42. Kf1 Bb6 43. Ke2 Bg1 44. h3 Kg6 45. Kd3 h5 46. Kc4 hxg4 47. hxg4 Be3 48. Kd5 Kf7 49. Bb4 Bd4 50. Bd2 Bb2 51. Kc4 Ke6 52. Be3 Ba3 53. Kb3 Bd6 54. Ka4 Bc7 55. Bc5 Kd7 56. Kb5 Bd8 57. Ka6 Kc6 58. Bf8 Kd7 59. Bb4 Kc6 60. Ba3 Kd7 61. Bc5 Kc6 62. Bb4 Kd7 63. Kb5 Bc7 64. Kc4 Ke6 65. Kb5 Kd7 66. Be1 Bd6 67. Bc3 Bc7 68. Kc5 Bd6+ 69. Kd5 Ba3 70. Ba5 Be7 71. Bb6 Ba3 72. Be3 Bb4 1/2-1/2

[Event "Scarborough CC Falling Leaves U1800"]
[Site "Toronto CAN"]
[Date "2011.12.15"]
[Round "7"]
[White "Radpey, Abdolreza"]
[Black "Zhong, Joey"]
[Result "0-1"]
[WhiteElo "1613"]
[BlackElo "1366"]
[PlyCount "104"]
[GameId "2160767909647759"]
[EventDate "2011.11.03"]
[EventType "swiss"]
[EventRounds "7"]
[EventCountry "CAN"]
[SourceTitle "EXT 2022"]
[Source "ChessBase"]
[SourceDate "2021.10.06"]
[SourceVersion "1"]
[SourceVersionDate "2021.10.06"]
[SourceQuality "1"]

1. Nf3 Nf6 2. d4 e6 3. c4 b6 4. Nc3 Bb7 5. e3 Bb4 6. Bd2 O-O 7. Bd3 d5 8. a3 Be7 9. b4 Nbd7 10. c5 a6 11. Qc2 b5 12. Ne2 c6 13. Ng3 Qb8 14. Ng5 h6 15. Nh7 Re8 16. Nxf6+ Bxf6 17. Nh5 Bd8 18. f4 e5 19. dxe5 Nxe5 20. fxe5 Qxe5 21. Bc3 Qxh5 22. O-O Bc7 23. h3 Bc8 24. Rf3 Bd7 25. Raf1 Rf8 26. Bh7+ Kh8 27. Bg6 Qg5 28. Rxf7 Rxf7 29. Rxf7 Qxe3+ 30. Kh1 d4 31. Rf3 Qe5 32. Kg1 dxc3 33. Kf1 Be6 34. Rxc3 Rf8+ 35. Rf3 Bc4+ 36. Bd3 Rxf3+ 37. gxf3 Qd5 38. Ke2 Bxd3+ 39. Qxd3 Qxd3+ 40. Kxd3 Kg8 41. Ke4 Kf7 42. f4 g5 43. fxg5 hxg5 44. Kf5 Bf4 45. Ke4 Ke6 46. Kd3 Kd5 47. Kc3 Ke4 48. Kb3 Kf3 49. a4 Kg3 50. axb5 axb5 51. Kc2 Kxh3 52. Kd1 g4 0-1

[Event "Scarborough CC Falling Leaves U1800"]
[Site "Toronto CAN"]
[Date "2011.12.15"]
[Round "7"]
[White "Super, Russell"]
[Black "Termeer, Ted"]
[Result "0-1"]
[WhiteElo "1423"]
[BlackElo "1349"]
[PlyCount "81"]
[GameId "2160767909647760"]
[EventDate "2011.11.03"]
[EventType "swiss"]
[EventRounds "7"]
[EventCountry "CAN"]
[SourceTitle "EXT 2022"]
[Source "ChessBase"]
[SourceDate "2021.10.06"]
[SourceVersion "1"]
[SourceVersionDate "2021.10.06"]
[SourceQuality "1"]

1. e4 e5 2. Nf3 d6 3. d4 exd4 4. Nxd4 Bd7 5. Be2 g6 6. b3 Bg7 7. c3 Nc6 8. Bb2 Nxd4 9. cxd4 Nh6 10. O-O Qe7 11. Qc2 c6 12. Nd2 O-O 13. Rfe1 Rae8 14. Bf3 Qd8 15. Nc4 Bc8 16. e5 dxe5 17. Ba3 exd4 18. Qd2 Rxe1+ 19. Rxe1 Re8 20. Rc1 Nf5 21. Qd3 h5 22. h3 Be6 23. g4 hxg4 24. hxg4 Bxc4 25. bxc4 Nh6 26. Rb1 Qc8 27. Qd1 Kh8 28. Bc1 Ng8 29. Be2 Ne7 30. Rb3 c5 31. Rh3+ Kg8 32. Kg2 f6 33. Bh6 Kf7 34. Qh1 Rg8 35. f3 Nc6 36. Qb1 Ne5 37. Qe4 Qc6 38. Qf4 Qe6 39. Qe4 Qc6 40. Qc2 Nxg4 41. Bxg7 0-1

[Event "Scarborough CC Falling Leaves U1800"]
[Site "Toronto CAN"]
[Date "2011.12.15"]
[Round "7"]
[White "Tismenko, Dennis"]
[Black "Azizi, Hamid"]
[Result "1/2-1/2"]
[WhiteElo "1435"]
[BlackElo "1424"]
[PlyCount "73"]
[GameId "2160767909647761"]
[EventDate "2011.11.03"]
[EventType "swiss"]
[EventRounds "7"]
[EventCountry "CAN"]
[SourceTitle "EXT 2022"]
[Source "ChessBase"]
[SourceDate "2021.10.06"]
[SourceVersion "1"]
[SourceVersionDate "2021.10.06"]
[SourceQuality "1"]

1. e4 d5 2. exd5 Nf6 3. d4 Nxd5 4. Nf3 Bg4 5. h3 Bxf3 6. Qxf3 c6 7. Bd3 Qa5+ 8. c3 Nd7 9. O-O e6 10. Bd2 Qc7 11. c4 Nb4 12. Nc3 Nxd3 13. Qxd3 O-O-O 14. Qf3 Ne5 15. Qg3 Nxc4 16. Bf4 Bd6 17. Bxd6 Nxd6 18. Rac1 Nf5 19. Qg4 Rxd4 20. Qe2 Qb6 21. Nb5 Ng3 22. Qe5 Rhd8 23. Qxg3 Qxb5 24. Qxg7 Qf5 25. g4 Qg6 26. Qe5 f5 27. f3 h5 28. Rce1 R4d6 29. Qa5 Kb8 30. Qe5 hxg4 31. hxg4 fxg4 32. Kf2 gxf3 33. Rg1 Qc2+ 34. Kxf3 Rf8+ 35. Kg3 Qf2+ 36. Kh3 Rf3+ 37. Kg4 1/2-1/2

[Event "Scarborough CC Falling Leaves U1800"]
[Site "Toronto CAN"]
[Date "2011.12.15"]
[Round "7"]
[White "Verde, Pino"]
[Black "Bellomo, Joe"]
[Result "1-0"]
[WhiteElo "1643"]
[BlackElo "1588"]
[PlyCount "43"]
[GameId "2160767909647762"]
[EventDate "2011.11.03"]
[EventType "swiss"]
[EventRounds "7"]
[EventCountry "CAN"]
[SourceTitle "EXT 2022"]
[Source "ChessBase"]
[SourceDate "2021.10.06"]
[SourceVersion "1"]
[SourceVersionDate "2021.10.06"]
[SourceQuality "1"]

1. e4 c5 2. Nf3 d6 3. d4 cxd4 4. Nxd4 Nf6 5. Nc3 a6 6. h3 Nc6 7. Be3 e6 8. g4 Be7 9. g5 Nd7 10. h4 Nde5 11. f4 Nd7 12. Bh3 Nxd4 13. Bxd4 e5 14. Bxd7+ Bxd7 15. fxe5 dxe5 16. Bxe5 O-O 17. Nd5 Qa5+ 18. c3 Qd8 19. Qd4 Bxg5 20. hxg5 Qxg5 21. Nf6+ Kh8 22. Rxh7# 1-0

[Event "Scarborough CC Falling Leaves U1800"]
[Site "Toronto CAN"]
[Date "2011.12.15"]
[Round "7"]
[White "Vyravanathan, Sobiga"]
[Black "Guo, Tan"]
[Result "1/2-1/2"]
[WhiteElo "1453"]
[BlackElo "1634"]
[PlyCount "43"]
[GameId "2160767909647763"]
[EventDate "2011.11.03"]
[EventType "swiss"]
[EventRounds "7"]
[EventCountry "CAN"]
[SourceTitle "EXT 2022"]
[Source "ChessBase"]
[SourceDate "2021.10.06"]
[SourceVersion "1"]
[SourceVersionDate "2021.10.06"]
[SourceQuality "1"]

1. e4 d6 2. d4 Nf6 3. Nc3 g6 4. Nf3 Bg7 5. Be2 O-O 6. O-O c6 7. Be3 Qc7 8. Bf4 Nbd7 9. Re1 Re8 10. Qd2 e5 11. dxe5 dxe5 12. Be3 Nb6 13. Bd3 Bg4 14. Be2 Rad8 15. Qc1 Nbd7 16. h3 Bxf3 17. Bxf3 Nf8 18. Rd1 Ne6 19. Rxd8 Rxd8 20. Ne2 Nd4 21. Nxd4 exd4 22. Bf4 1/2-1/2

[Event "Scarborough CC Falling Leaves U1800"]
[Site "Toronto CAN"]
[Date "2011.12.15"]
[Round "7"]
[White "Yie, Kevin Yi Xiao"]
[Black "Liang, Phillip"]
[Result "1-0"]
[WhiteElo "1463"]
[BlackElo "1443"]
[PlyCount "120"]
[GameId "2160767909647764"]
[EventDate "2011.11.03"]
[EventType "swiss"]
[EventRounds "7"]
[EventCountry "CAN"]
[SourceTitle "EXT 2022"]
[Source "ChessBase"]
[SourceDate "2021.10.06"]
[SourceVersion "1"]
[SourceVersionDate "2021.10.06"]
[SourceQuality "1"]

1. d4 d5 2. c4 c6 3. e3 Nf6 4. Nc3 e6 5. Bd3 Nbd7 6. Nge2 Bd6 7. O-O O-O 8. b3 e5 9. cxd5 cxd5 10. dxe5 Nxe5 11. Nb5 Bb8 12. Nbd4 Be6 13. Ba3 Bd6 14. Bxd6 Qxd6 15. Ng3 Nxd3 16. Qxd3 Rac8 17. Rac1 Qd7 18. Qb5 a6 19. Qxd7 Nxd7 20. Nge2 Nc5 21. Nf4 a5 22. Rfd1 Rfd8 23. Rxc5 Rxc5 24. Ndxe6 fxe6 25. Nxe6 Rdc8 26. Nxc5 Rxc5 27. Kf1 Kf7 28. Ke2 Ke6 29. Rd2 g6 30. h4 h5 31. g3 b5 32. Kf3 b4 33. Kf4 Kf6 34. Kf3 Ke5 35. Ke2 Rc3 36. Rb2 Rc6 37. Rd2 Rc3 38. Rb2 Rc1 39. Kd3 Rc3+ 40. Kd2 d4 41. exd4+ Kxd4 42. Rc2 Rd3+ 43. Ke2 Rc3 44. Rb2 Rd3 45. Rd2 Rxd2+ 46. Kxd2 Ke4 47. Ke2 Kd4 48. f3 Kc3 49. g4 Kb2 50. gxh5 gxh5 51. f4 Kxa2 52. f5 Kxb3 53. f6 Ka2 54. f7 b3 55. f8=Q b2 56. Qf7+ Ka3 57. Qf3+ Ka2 58. Qd5+ Ka1 59. Qxa5+ Kb1 60. Ke1 Kc1 1-0

[Event "Scarborough CC Howard Ridout"]
[Site "Toronto CAN"]
[Date "2011.09.08"]
[Round "1"]
[White "Abrahams, Daniel"]
[Black "Ward, Dean"]
[Result "1-0"]
[WhiteElo "2135"]
[BlackElo "1842"]
[PlyCount "123"]
[GameId "2160767909648573"]
[EventDate "2011.09.08"]
[EventType "swiss"]
[EventRounds "6"]
[EventCountry "CAN"]

1. e4 c5 2. Nf3 d6 3. d4 cxd4 4. Nxd4 Nf6 5. Nc3 g6 6. g3 Bg7 7. Bg2 O-O 8. O-O Nc6 9. Nde2 Bg4 10. h3 Bd7 11. Nd5 Nxd5 12. exd5 Nb4 13. c3 Na6 14. Re1 Qc8 15. Kh2 Re8 16. Nd4 Qc4 17. Bg5 Bxd4 18. cxd4 f6 19. b3 Qc3 20. Be3 Kf7 21. Qe2 Nb4 22. Rec1 Qd3 23. Qxd3 Nxd3 24. Rc3 Nb4 25. Rc7 Bc8 26. Bf1 Nxd5 27. Bc4 Be6 28. Rxb7 Nxe3 29. fxe3 Bxc4 30. bxc4 Rec8 31. Rc1 Rcb8 32. Rcb1 Rc8 33. R1b4 Rc6 34. d5 Rc5 35. R7b5 Rxb5 36. cxb5 Rc8 37. a4 Ke8 38. Kg2 Rc5 39. e4 g5 40. Kf3 h5 41. Rb3 Kd7 42. h4 Kc7 43. a5 Rc4 44. Ke3 Ra4 45. a6 Kb6 46. hxg5 fxg5 47. Rb1 Ra3+ 48. Kf2 h4 49. gxh4 gxh4 50. Kg2 h3+ 51. Kh2 Re3 52. Rb4 Kc5 53. b6 axb6 54. Ra4 b5 55. Ra1 Rxe4 56. a7 Ra4 57. Rxa4 bxa4 58. a8=Q Kb4 59. Kxh3 a3 60. Kg4 Kb3 61. Kf5 a2 62. Ke6 1-0

[Event "Scarborough CC Howard Ridout"]
[Site "Toronto CAN"]
[Date "2011.09.08"]
[Round "1"]
[White "Armstrong, Robert J"]
[Black "Huston, Scott"]
[Result "0-1"]
[WhiteElo "1712"]
[BlackElo "1857"]
[PlyCount "131"]
[GameId "2160767909648574"]
[EventDate "2011.09.08"]
[EventType "swiss"]
[EventRounds "6"]
[EventCountry "CAN"]

1. d4 Nf6 2. c4 e6 3. Nf3 b6 4. e3 Bb7 5. Bd3 Bb4+ 6. Bd2 Be7 7. O-O O-O 8. Nc3 c5 9. Ne2 Ne4 10. Ng3 Nxd2 11. Qxd2 Bxf3 12. gxf3 cxd4 13. exd4 Nc6 14. f4 f5 15. d5 Bb4 16. Qe3 Bc5 17. Qd2 Nd4 18. Be2 a5 19. Rad1 exd5 20. cxd5 Re8 21. Qd3 Qh4 22. Bf3 Qxf4 23. Bg2 Qg5 24. Kh1 h5 25. d6 Rac8 26. Qc4+ Ne6 27. f4 Qg6 28. Bf3 Qf7 29. Bxh5 g6 30. Be2 Bxd6 31. Qa4 Bxf4 32. Rxd7 Qf6 33. Rxf4 Rc1+ 34. Rf1 Rxf1+ 35. Bxf1 Nc5 36. Rg7+ Kf8 37. Rg8+ Kxg8 38. Qxe8+ Kg7 39. Qe2 Qd6 40. Bg2 Kf6 41. b3 Qd4 42. Bf3 Nd3 43. Nf1 Nc1 44. Qc2 Qa1 45. Qc6+ Kg5 46. Qxb6 Nxa2 47. Qe3+ Kf6 48. Bg2 Nb4 49. h4 Qd1 50. Qb6+ Kg7 51. Qxa5 Qxb3 52. Qc7+ Kf6 53. Qd8+ Kf7 54. Qc7+ Kf6 55. Qb6+ Kf7 56. Ng3 Qxg3 57. Qxb4 f4 58. Bd5+ Kf6 59. Qd4+ Kf5 60. Qe4+ Kf6 61. Qe6+ Kg7 62. Qf7+ Kh6 63. Qf6 Qe1+ 64. Kh2 Qd2+ 65. Kh1 Qxd5+ 66. Kh2 0-1

[Event "Scarborough CC Howard Ridout"]
[Site "Toronto CAN"]
[Date "2011.09.08"]
[Round "1"]
[White "Bao, Stephen"]
[Black "Picana, Andrew"]
[Result "1/2-1/2"]
[WhiteElo "1820"]
[BlackElo "2073"]
[PlyCount "116"]
[GameId "2160767909648575"]
[EventDate "2011.09.08"]
[EventType "swiss"]
[EventRounds "6"]
[EventCountry "CAN"]

1. d4 Nf6 2. c4 g6 3. Nc3 Bg7 4. e4 d6 5. f3 Nbd7 6. Be3 O-O 7. Nge2 c6 8. Qd2 Re8 9. Ng3 Qc7 10. Rc1 a6 11. Be2 e6 12. O-O c5 13. dxc5 dxc5 14. Rfd1 b6 15. Bf4 e5 16. Be3 Bb7 17. Nd5 Nxd5 18. cxd5 Qd6 19. a4 a5 20. Bb5 Rec8 21. Qf2 Nf6 22. Qd2 h5 23. h4 Ba6 24. Bxa6 Rxa6 25. Qe2 Raa8 26. Qb5 Ne8 27. Ne2 Qd8 28. g3 Nd6 29. Qb3 Rab8 30. Qc2 Qd7 31. Kg2 f5 32. Nc3 Rf8 33. Rf1 f4 34. Bf2 fxg3 35. Be3 Qe7 36. Kxg3 Rf4 37. Qh2 Nc4 38. Bxf4 exf4+ 39. Kg2 Rf8 40. Kh1 Kh7 41. Rg1 Ne5 42. Rcf1 c4 43. Rg5 Bh6 44. Rg2 Bg7 45. Rg5 Bf6 46. Qxf4 Bxg5 47. Qxg5 Qxg5 48. hxg5 Rxf3 49. Rxf3 Nxf3 50. d6 Nxg5 51. d7 Ne6 52. Nd5 Kg7 53. Nxb6 Kf7 54. Nxc4 Ke7 55. Nxa5 Nc5 56. Nc6+ Kxd7 57. Ne5+ Kc7 58. Nxg6 Nxa4 1/2-1/2

[Event "Scarborough CC Howard Ridout"]
[Site "Toronto CAN"]
[Date "2011.09.08"]
[Round "1"]
[White "Fan, Yibing"]
[Black "Lamb, Bryan"]
[Result "0-1"]
[WhiteElo "1727"]
[BlackElo "2145"]
[PlyCount "84"]
[GameId "2160767909648577"]
[EventDate "2011.09.08"]
[EventType "swiss"]
[EventRounds "6"]
[EventCountry "CAN"]

1. d4 Nf6 2. c4 g6 3. Nc3 Bg7 4. e4 d6 5. Nge2 O-O 6. Ng3 Nc6 7. d5 Ne5 8. Be2 c6 9. Bf4 cxd5 10. Bxe5 dxe5 11. cxd5 Qb6 12. b3 e6 13. O-O Rd8 14. Bc4 a6 15. Qd3 Qd4 16. Qxd4 exd4 17. Nce2 exd5 18. exd5 b5 19. Bd3 Nxd5 20. Rad1 Ra7 21. Be4 Rad7 22. a3 Bb7 23. Rd3 b4 24. a4 a5 25. f4 Ba6 26. Rd2 Nc3 27. Bd3 Bb7 28. Nc1 Re7 29. Kf2 f5 30. Bc4+ Kf8 31. Nd3 Ne4+ 32. Nxe4 fxe4 33. Kg1 exd3 34. Bxd3 Be4 35. Bxe4 Rxe4 36. f5 Bh6 37. fxg6+ Kg7 38. Rd3 hxg6 39. Rfd1 Be3+ 40. Kf1 Rf8+ 41. Ke2 Bc1+ 42. Re3 Rxe3# 0-1

[Event "Scarborough CC Howard Ridout"]
[Site "Toronto CAN"]
[Date "2011.09.08"]
[Round "1"]
[White "Moran-Venegas, Mario"]
[Black "Krupka, David"]
[Result "0-1"]
[WhiteElo "1765"]
[BlackElo "2002"]
[PlyCount "58"]
[GameId "2160767909648578"]
[EventDate "2011.09.08"]
[EventType "swiss"]
[EventRounds "6"]
[EventCountry "CAN"]

1. e4 c6 2. d4 d5 3. e5 Bf5 4. Nc3 e6 5. Nge2 c5 6. Ng3 Bg6 7. h4 h6 8. h5 Bh7 9. Be2 Nc6 10. Bb5 Qc7 11. Be3 Nge7 12. a3 a6 13. Ba4 b5 14. Bxb5 axb5 15. Nxb5 Qa5+ 16. Nc3 cxd4 17. Bxd4 Nxd4 18. Qxd4 Nc6 19. Qd1 d4 20. Qf3 Rc8 21. O-O dxc3 22. b4 Qxe5 23. Rfe1 Qf6 24. Qe3 Be7 25. b5 Nd4 26. Ne4 Bxe4 27. Qxe4 O-O 28. a4 Bc5 29. Re3 Qf5 0-1

[Event "Scarborough CC Howard Ridout"]
[Site "Toronto CAN"]
[Date "2011.09.08"]
[Round "1"]
[White "Southam, David"]
[Black "Song, Lin"]
[Result "1-0"]
[WhiteElo "2102"]
[BlackElo "1837"]
[PlyCount "69"]
[GameId "2160767909648580"]
[EventDate "2011.09.08"]
[EventType "swiss"]
[EventRounds "6"]
[EventCountry "CAN"]

1. d4 Nf6 2. c4 g6 3. Nc3 Bg7 4. e4 d6 5. Nf3 O-O 6. Be2 e5 7. O-O Nc6 8. d5 Ne7 9. Nd2 Ne8 10. b4 f5 11. c5 f4 12. Bg4 c6 13. Bxc8 Rxc8 14. dxc6 Nxc6 15. Nd5 dxc5 16. bxc5 Nd4 17. Nb3 Nf6 18. Nxd4 exd4 19. Nxf4 Re8 20. Qb3+ Kh8 21. f3 Nd7 22. Ba3 Be5 23. Nd3 Qc7 24. f4 Bg7 25. e5 g5 26. e6 Nf8 27. f5 Bf6 28. Rab1 Rb8 29. Qd5 Red8 30. Qe4 Re8 31. Nb4 Qxc5 32. Nd5 Qxa3 33. Nxf6 Re7 34. Qxd4 h6 35. Nd7+ 1-0

[Event "Scarborough CC Howard Ridout"]
[Site "Toronto CAN"]
[Date "2011.09.08"]
[Round "1"]
[White "Stavropoulos, Greg"]
[Black "Radpey, Abdolreza"]
[Result "1-0"]
[WhiteElo "1850"]
[BlackElo "1650"]
[PlyCount "51"]
[GameId "2160767909648581"]
[EventDate "2011.09.08"]
[EventType "swiss"]
[EventRounds "6"]
[EventCountry "CAN"]

1. c4 Nf6 2. Nc3 e6 3. d4 Bb4 4. Bg5 b6 5. Nf3 Bb7 6. e3 h6 7. Bxf6 Qxf6 8. Be2 g5 9. O-O g4 10. Nd2 h5 11. Rc1 Qh4 12. Nb5 Bd6 13. Nxd6+ cxd6 14. c5 dxc5 15. dxc5 Nc6 16. Nc4 Na5 17. Nd6+ Ke7 18. b4 Bxg2 19. Kxg2 Nc6 20. Nc4 Qh3+ 21. Kh1 d5 22. cxd6+ Kd7 23. Qa4 f6 24. Nxb6+ axb6 25. Qxc6+ Kd8 26. Qc7+ 1-0

[Event "Scarborough CC Howard Ridout"]
[Site "Toronto CAN"]
[Date "2011.09.08"]
[Round "1"]
[White "Ugodnikov, Arkadiy"]
[Black "Song, Eric"]
[Result "0-1"]
[WhiteElo "1842"]
[BlackElo "1616"]
[PlyCount "60"]
[GameId "2160767909648582"]
[EventDate "2011.09.08"]
[EventType "swiss"]
[EventRounds "6"]
[EventCountry "CAN"]

1. e4 e5 2. Nf3 Nc6 3. Bb5 a6 4. Ba4 Nf6 5. O-O Be7 6. Re1 b5 7. Bb3 O-O 8. c3 d6 9. h3 Na5 10. Bc2 c5 11. d4 Nd7 12. Nbd2 Bf6 13. d5 Nb6 14. Nf1 Bd7 15. Ng3 h6 16. b3 Rc8 17. Be3 Nb7 18. Qd2 Kh7 19. Nh5 Be7 20. g4 Qe8 21. Kh2 Nd8 22. Rg1 f6 23. Nxg7 Kxg7 24. Bxh6+ Kf7 25. Bxf8 Qxf8 26. g5 Qh8 27. Rg3 Nb7 28. gxf6 Bxf6 29. Rag1 Rg8 30. Rxg8 Qxh3# 0-1

[Event "Scarborough CC Howard Ridout"]
[Site "Toronto CAN"]
[Date "2011.09.08"]
[Round "2"]
[White "Morra, Lui"]
[Black "Ugodnikov, Arkadiy"]
[Result "0-1"]
[WhiteElo "1755"]
[BlackElo "1842"]
[PlyCount "66"]
[GameId "2160767909648583"]
[EventDate "2011.09.08"]
[EventType "swiss"]
[EventRounds "6"]
[EventCountry "CAN"]

1. b3 d5 2. Bb2 c5 3. d4 cxd4 4. Bxd4 Nc6 5. Bb2 e5 6. a3 Be6 7. Nf3 f6 8. e3 Bc5 9. Be2 Nge7 10. O-O O-O 11. Qc1 Rc8 12. c4 e4 13. Nd4 Nxd4 14. exd4 Bd6 15. c5 Bb8 16. b4 Ng6 17. b5 Nf4 18. Re1 Qc7 19. g3 Nxe2+ 20. Rxe2 Bg4 21. Re3 f5 22. Nc3 Qd7 23. Qc2 f4 24. Ree1 fxg3 25. fxg3 Bf3 26. Rac1 h5 27. Ne2 Qh3 28. Nc3 Bxg3 29. Nxd5 Bxe1 30. Ne7+ Kh7 31. Rxe1 Qg4+ 32. Kf2 Bd1+ 33. Ke3 Qf4# 0-1